000 00450nam a2200169Ia 4500
008 230917s9999||||xx |||||||||||||| ||und||
020 _cRS375
040 _e247734
_aMAIN
041 _aEnglish
082 _a330.122 D654S
100 _aDobb, Maurice
245 0 _aStudies in the development of capitalism
260 _aLondon
_bRoutledge
_c2007
300 _aix, 402 p.
500 _a3132 25/05/2018 RK18/450 30/05/2018 Main Budget
942 _cBK
999 _c26881
_d26881